[Event "Ruhrgebiet Verbandsklasse Gruppe 3 1819"]
[Site "Nordrheinwestfalen"]
[Date "2019.02.03"]
[Round "6.4"]
[White "Kiparski, Manuel"]
[Black "Schulz, Hartmut"]
[Result "0-1"]
[WhiteElo "1790"]
[BlackElo "2025"]
[PlyCount "40"]
[EventDate "2018.09.23"]
[EventType "team-tourn"]
[EventRounds "9"]
[EventCountry "GER"]
[SourceTitle "EXT 2022"]
[Source "ChessBase"]
[SourceDate "2021.10.06"]
[SourceVersion "1"]
[SourceVersionDate "2021.10.06"]
[SourceQuality "1"]
[WhiteTeam "Ruettenscheid Rochade"]
[BlackTeam "Brambauer"]
[WhiteTeamCountry "GER"]
[BlackTeamCountry "GER"]

1. d4 d5 2. c4 e6 3. Nc3 Nf6 4. Bf4 Be7 5. e3 0-0 6. h3 c6 7. cxd5 Nxd5 8. Bh2 c5 9. Nxd5 Qxd5 10. dxc5 Qxc5 11. a3 Nc6 12. Ne2 Rd8 13. Qc1 Qg5 14. Nc3 e5 15. e4 Qg6 16. Qe3 Be6 17. Qg3 Qh6 18. Bd3 Bh4 19. Qf3 Nd4 20. Qd1 Qe3+ 0-1

[Event "Ruhrgebiet Verbandsklasse Gruppe 3 1718"]
[Site "Germany"]
[Date "2017.11.05"]
[Round "3.8"]
[White "Kiparski, Manuel"]
[Black "Kracht, Raphael"]
[Result "1/2-1/2"]
[WhiteElo "1777"]
[BlackElo "1893"]
[PlyCount "76"]
[EventDate "2017.09.17"]
[EventType "team-tourn"]
[EventRounds "9"]
[EventCountry "GER"]
[SourceTitle "EXT 2022"]
[Source "ChessBase"]
[SourceDate "2021.10.06"]
[SourceVersion "1"]
[SourceVersionDate "2021.10.06"]
[SourceQuality "1"]
[WhiteTeam "Ruettenscheid Rochade"]
[BlackTeam "Brackel SF III"]
[WhiteTeamCountry "GER"]
[BlackTeamCountry "GER"]

1. d4 Nf6 2. Nf3 e6 3. e3 c5 4. c3 b6 5. Bd3 cxd4 6. exd4 Ba6 7. Bg5 Be7 8. Ne5 Bxd3 9. Nxd3 0-0 10. 0-0 Nc6 11. Nd2 d6 12. Qe2 Rc8 13. Rfe1 Re8 14. Rad1 Qc7 15. Nf4 d5 16. Nd3 h6 17. Bh4 Nd7 18. Bxe7 Nxe7 19. Nf3 Ng6 20. Nfe5 Ngxe5 21. Nxe5 Nxe5 22. dxe5 Qc4 23. g3 b5 24. a3 a5 25. Rd4 Qxe2 26. Rxe2 Rc4 27. Rxc4 bxc4 28. f4 Kf8 29. Kf2 Ke7 30. Ke3 Kd7 31. Kd4 Kc6 32. a4 h5 33. h3 Rg8 34. h4 Kd7 35. Kc5 Rc8+ 36. Kd4 Kc6 37. Rf2 Rb8 38. Re2 g6 1/2-1/2

[Event "Ruhrgebiet VK2 0405"]
[Site "Ruhrgebiet"]
[Date "2004.10.10"]
[Round "2.6"]
[White "Straenger, Petra"]
[Black "Kiparski, Manuel"]
[Result "0-1"]
[WhiteElo "1879"]
[BlackElo "1818"]
[PlyCount "88"]
[EventDate "2004.09.12"]
[EventType "team-tourn"]
[EventRounds "9"]
[EventCountry "GER"]
[SourceTitle "EXT 2006"]
[Source "ChessBase"]
[SourceDate "2005.11.24"]
[SourceVersion "1"]
[SourceVersionDate "2005.11.24"]
[SourceQuality "1"]
[WhiteTeam "Muelheim Heissen"]
[BlackTeam "Holsterhausen II"]
[WhiteTeamCountry "GER"]
[BlackTeamCountry "GER"]

1. d4 d5 2. Nf3 Nf6 3. g3 e6 4. Bg2 Be7 5. 0-0 0-0 6. c4 c6 7. Nc3 Nbd7 8. b3 b6 9. Bb2 Ba6 10. Nd2 Ne8 11. e4 Rc8 12. Re1 Ndf6 13. e5 Nd7 14. f4 Nc7 15. Qg4 f6 16. Rac1 Rf7 17. Rc2 Nf8 18. Na4 Ng6 19. cxd5 cxd5 20. Rec1 fxe5 21. dxe5 Nf8 22. Nf3 Bd3 23. Rd2 h5 24. Qxh5 g6 25. Qh3 Rh7 26. Nh4 Bf5 27. g4 Rxh4 28. Qc3 Rxg4 29. h3 Rxf4 30. a3 b5 31. Nc5 Na6 32. b4 Nxc5 33. bxc5 Rxc5 34. Qe3 Rxc1+ 35. Bxc1 Rc4 36. Qe1 Qc7 37. Bb2 Nd7 38. Bf1 Re4 39. Qd1 Qb6+ 40. Kh1 Bc5 41. Bg2 Rc4 42. Rxd5 exd5 43. Bxd5+ Be6 44. Bxc4 bxc4 0-1